|
|
|
|
| LEADER |
01705nam a2200421 a 4500 |
| 001 |
EBC3137313 |
| 003 |
MiAaPQ |
| 005 |
20200520144314.0 |
| 006 |
m o d | |
| 007 |
cr cn||||||||| |
| 008 |
101220s2011 hu sb 011 0 eng d |
| 010 |
|
|
|z 2010051859
|
| 020 |
|
|
|z 9786155053023 (hardbound)
|
| 035 |
|
|
|a (MiAaPQ)EBC3137313
|
| 035 |
|
|
|a (Au-PeEL)EBL3137313
|
| 035 |
|
|
|a (CaPaEBR)ebr10468962
|
| 035 |
|
|
|a (CaONFJC)MIL325665
|
| 035 |
|
|
|a (OCoLC)922997882
|
| 040 |
|
|
|a MiAaPQ
|c MiAaPQ
|d MiAaPQ
|
| 050 |
|
4 |
|a HF1365
|b .C67 2011
|
| 082 |
0 |
4 |
|a 337
|2 22
|
| 245 |
0 |
0 |
|a Cores, peripheries, and globalization
|h [electronic resource] :
|b essays in honor of Ivan T. Berend /
|c edited by Peter Hanns Reill and Balazs A. Szelenyi.
|
| 260 |
|
|
|a Budapest ;
|a New York :
|b Central European University Press,
|c 2011.
|
| 300 |
|
|
|a 281 p.
|
| 504 |
|
|
|a Includes bibliographical references and index.
|
| 505 |
0 |
|
|a section 1. Origins and theoretical discussions of core-periphery relations -- section 2. From the European periphery to the core and back -- section 3. Globalization : its history, nature and problems.
|
| 533 |
|
|
|a Electronic reproduction. Ann Arbor, MI : ProQuest, 2015. Available via World Wide Web. Access may be limited to ProQuest affiliated libraries.
|
| 650 |
|
0 |
|a Globalization.
|
| 650 |
|
0 |
|a Regional disparities.
|
| 650 |
|
0 |
|a Regional economics.
|
| 650 |
|
0 |
|a Dependency.
|
| 650 |
|
0 |
|a Neoliberalism.
|
| 655 |
|
4 |
|a Electronic books.
|
| 700 |
1 |
|
|a Berend, Ivan.
|
| 700 |
1 |
|
|a Reill, Peter Hanns.
|
| 700 |
1 |
|
|a Szelenyi, Balazs A.
|
| 710 |
2 |
|
|a ProQuest (Firm)
|
| 856 |
4 |
0 |
|u https://ebookcentral.proquest.com/lib/matrademy/detail.action?docID=3137313
|z Click to View
|